| 000 | 00527nam a2200169 i 4500 | ||
|---|---|---|---|
| 001 | 26206 | ||
| 003 | ES-MaACL | ||
| 005 | 20230906153413.0 | ||
| 007 | t| | ||
| 008 | 030108s1965 sp ||||1| spa d | ||
| 100 | 1 |
_aAróstegui, Antonio. _923166 |
|
| 245 | 1 | 3 |
_aLa ley de la libertad _b: mensaje social del cristianismo / _cAntonio Arostegui. |
| 260 |
_aCeuta : _bInstituto Nacional de Enseñanza Media, _c1965. |
||
| 300 |
_a80 p. ; _c16 cm. |
||
| 852 |
_aES-MaACL _jC-28367 _bR.57217 |
||
| 852 |
_aES-MaACL _jC-32693 _bR.63451 |
||
| 999 |
_c26206 _d26206 |
||